Statistics for Genius Level General Knowledge #2

Click here to take the quiz!

General Stats

  • This quiz has been taken 26,844 times
  • The average score is 5 of 19

Answer Stats

QuestionAnswer% Correct
What metro area's largest city is Quezon City?Manila
43%
What is the capital of Tibet?Lhasa
42%
What is New Zealand's most valuable export?Milk
40%
What country permanently abolished its military in 1948?Costa Rica
39%
What is the largest country that was uninhabited by humans in the year 1000 A.D.?New Zealand
39%
What Bible character killed one quarter of the world's population?Cain
34%
Besides coffee, what goes into an affogato?Ice Cream
32%
What is the most common phobia in the United States, according to the NIMH?Fear of Public Speaking
31%
Who said "I came not to bring peace, but a sword"?Jesus
28%
What country was ruled by a junta from 1988–2011?Myanmar
28%
What is the word for a pile of rocks that marks a hiking trail?Cairn
27%
What are the Hugo and Nebula awards given for?Science Fiction Writing
26%
What is Thomas A. Swift's Electric Rifle better known as?Taser
26%
What type of animal is an abalone?Sea {Snail}
25%
Hawaiians call it Pahoehoe and Aa. What do most people call it?Lava
21%
What type of wine is celebrated in France on the third Thursday of November?Beaujolais {Nouveau}
19%
What is a common word that means "sobriquet"?Nickname
17%
What plant do pepitas come from?Pumpkins
17%
British musicians call it a semiquaver. What do American musicians call it?16th Note
12%

Score Distribution

Percentile by Number Answered

Percent of People with Each Score

Your Score History

You have not taken this quiz